| 000 -LEADER |
| fixed length control field |
02206nam a22004217a 4500 |
| 001 - CONTROL NUMBER |
| control field |
865641999 |
| 003 - CONTROL NUMBER IDENTIFIER |
| control field |
OCoLC |
| 005 - DATE AND TIME OF LATEST TRANSACTION |
| control field |
20210419121322.0 |
| 008 - FIXED-LENGTH DATA ELEMENTS--GENERAL INFORMATION |
| fixed length control field |
131217s2014 vaua b 001 0 eng |
| 010 ## - LIBRARY OF CONGRESS CONTROL NUMBER |
| LC control number |
2013050017 |
| 016 7# - NATIONAL BIBLIOGRAPHIC AGENCY CONTROL NUMBER |
| Record control number |
101622210 |
| Source |
DNLM |
| 020 ## - INTERNATIONAL STANDARD BOOK NUMBER |
| International Standard Book Number |
9781585624690 (hardcover : alk. paper) |
| 020 ## - INTERNATIONAL STANDARD BOOK NUMBER |
| International Standard Book Number |
1585624691 (hardcover : alk. paper) |
| 020 ## - INTERNATIONAL STANDARD BOOK NUMBER |
| International Standard Book Number |
1585624705 (pbk. : alk. paper) |
| 020 ## - INTERNATIONAL STANDARD BOOK NUMBER |
| International Standard Book Number |
9781585624706 (pbk. : alk. paper) |
| 035 ## - SYSTEM CONTROL NUMBER |
| System control number |
(OCoLC)865641999 |
| Canceled/invalid control number |
(OCoLC)862101901 |
| -- |
(OCoLC)862101915 |
| 040 ## - CATALOGING SOURCE |
| Original cataloging agency |
DNLM/DLC |
| Description conventions |
rda |
| Language of cataloging |
eng |
| Transcribing agency |
DLC |
| Modifying agency |
YDX |
| -- |
NLM |
| -- |
YDXCP |
| -- |
OCLCO |
| -- |
VET |
| -- |
OCLCF |
| -- |
CUS |
| -- |
BTCTA |
| -- |
BDX |
| 041 ## - LANGUAGE CODE |
| Language code of text/sound track or separate title |
eng |
| 042 ## - AUTHENTICATION CODE |
| Authentication code |
pcc |
| 049 ## - LOCAL HOLDINGS (OCLC) |
| Holding library |
YYEA |
| 080 ## - UNIVERSAL DECIMAL CLASSIFICATION NUMBER |
| Universal Decimal Classification number |
616.89 |
| Item number |
B-64 |
| 096 ## - LOCALLY ASSIGNED NLM-TYPE CALL NUMBER (OCLC) |
| Classification number |
WM 100 B627i 2014 |
| 100 1# - MAIN ENTRY--PERSONAL NAME |
| Personal name |
Black, Donald W., |
| Dates associated with a name |
1956- |
| 245 10 - TITLE STATEMENT |
| Title |
Introductory textbook of psychiatry / |
| Statement of responsibility, etc. |
Donald W. Black, Nancy C. Andreasen. |
| 250 ## - EDITION STATEMENT |
| Edition statement |
6th ed. |
| 260 ## - PUBLICATION, DISTRIBUTION, ETC. |
| Place of publication, distribution, etc. |
Arlington, VA : |
| Name of publisher, distributor, etc. |
American Psychiatric Publishing, |
| Date of publication, distribution, etc. |
[2014] |
| 300 ## - PHYSICAL DESCRIPTION |
| Extent |
xvii, 760 pages ; |
| Dimensions |
23 cm. |
| 365 ## - TRADE PRICE |
| Price amount |
31.66 usd |
| 504 ## - BIBLIOGRAPHY, ETC. NOTE |
| Bibliography, etc. note |
Includes bibliographical references and index. |
| 505 0# - FORMATTED CONTENTS NOTE |
| Formatted contents note |
Diagnosis and classification -- Interviewing and assessment -- The neurobiology and genetics of mental illness -- Neurodevelopmental (child) disorders -- Schizophrenia spectrum and related disorders -- Mood disorders -- Anxiety disorders -- Obsessive-compulsive and related disorders -- Trauma- and stressor-related disorders -- Somatic symptom disorders and dissociative disorders -- Feeding and eating disorders -- Sleep-wake disorders -- Sexual dysfunction, gender dysphoria, and paraphilias -- Disruptive, impulse-control, and conduct disorders -- Substance-related and addictive disorders -- Neurocognitive disorders -- Personality disorders -- Psychiatric emergencies -- Legal issues -- Behavioral, cognitive, and psychodynamic treatments -- Psychopharmacology and electroconvulsive therapy. |
| 590 ## - LOCAL NOTE (RLIN) |
| Local note |
c.1 10068569 Ritt 9/16/14 $79.00. |
| 650 #2 - SUBJECT ADDED ENTRY--TOPICAL TERM |
| Topical term or geographic name entry element |
Mental Disorders. |
| 650 #2 - SUBJECT ADDED ENTRY--TOPICAL TERM |
| Topical term or geographic name entry element |
Psychiatry |
| General subdivision |
methods. |
| 653 ## - INDEX TERM--UNCONTROLLED |
| Uncontrolled term |
ფსიქიატრია |
| 653 ## - INDEX TERM--UNCONTROLLED |
| Uncontrolled term |
მენტალური დარღვევები |
| 700 1# - ADDED ENTRY--PERSONAL NAME |
| Personal name |
Andreasen, Nancy C. |
| 942 ## - ADDED ENTRY ELEMENTS (KOHA) |
| Source of classification or shelving scheme |
|
| Koha item type |
Books |
| Edition |
6 |